All Tom Gates Books - Statistics

General Stats
  • This quiz has been taken 5 times
  • The average score is 4 of 23
Answer Stats
Hint Answer % Correct
2011 The Brilliant World Of Tom Gates
100%
2016 Dogzombies Rule
67%
2018 Biscuits Bands And Very Big Plans
33%
2012 Everythings Amazing
33%
2023 Five Star Stories
33%
2019 Mega Make And Do And Stories Too
33%
2019 Spectacular School Trip
33%
2015 Yes No
33%
2014 A Tiny Bit Lucky
0%
2024 Book Of Everything
0%
2017 Epic Adventures
0%
2011 Excellent Excuses
0%
2013 Extra Special Treats
0%
2017 Family Friends And Furry Creatures
0%
2012 Genius Ideas
0%
2022 Happy To Help
0%
2021 Random Acts Of Fun
0%
2016 Super Good Skills
0%
2021 Ten Tremendous Tales
0%
2013 Tom Gates Is Absolutely Fantastic
0%
2024 Tom Gates Is Ha Ha Hilarious
0%
2015 Top Of The Class
0%
2018 What Monster
0%
No matching quizzes found
Score Distribution
Percent of People with Each Score
Percentile by Number Answered
Your Score History
You have not taken this quiz